La educación superior ante el derecho

保存先:
書誌詳細
主要な著者: Brunner, José Joaquín (著者), Levy, Daniel (著者), Cuneo, Andrés (著者), León Reyes, José Julio (著者), Bernasconi Ramírez, Andrés (著者)
その他の著者: Hernández Basualto, Héctor (autor)
フォーマット: 図書
言語:スペイン語
出版事項: Santiago Biblioteca Americana 2002
主題:
タグ: タグ追加
タグなし, このレコードへの初めてのタグを付けませんか!

MARC

LEADER 00000nam a2200000 a 4500
001 UCM9730
003 CL-VaPUC
008 030516e20020000CL |||||||||||||||||spa|d
082 0 4 |a 378.0983  |b BRU  |2 21 
100 0 |a Brunner, José Joaquín  |e author  |9 476283 
700 0 |a Levy, Daniel  |e author  |9 476284 
700 0 |a Cuneo, Andrés  |e author  |9 476285 
700 |a Hernández Basualto, Héctor  |e autor  |9 571334 
700 |a León Reyes, José Julio  |e author  |9 297055 
700 0 |a Bernasconi Ramírez, Andrés  |e author  |9 476288 
245 1 3 |a La educación superior ante el derecho 
300 |a 207 h 
942 |c BK 
945 |d 20030516 00:00:00  |a rbrito 
260 |a Santiago  |b Biblioteca Americana  |c 2002 
650 0 |a Educación superior   |9 223851 
650 0 |a Aspectos jurídicos  |9 328188 
650 0 |a Congresos  |9 257560 
650 0 |a Libertad de enseñanza   |9 311567 
650 7 |a FINANCIAMIENTO DE LA EDUCACION SUPERIOR  |2 CL-VaPUC  |9 476289 
651 7 |a CHILE  |2 CL-VaPUC  |9 476290 
583 |a last modification  |c 20030516 00:00:00  |k Rodrigo Vera 
999 |c 303860  |d 303858 
952 |0 0  |1 0  |4 0  |6 378_098300000000000_BRU_2002  |7 0  |8 A  |9 365435  |a BIBDER  |b BIBDER  |d 2019-11-21  |i 3846954  |o 378.0983 BRU 2002  |p 3846954  |r 2023-01-25  |w 2019-11-21  |y BK  |k DER